Statistics for Every City in St. Lawrence County, New York

Click here to take the quiz!

General Stats

  • This quiz has been taken 4 times
  • The average score is 26 of 57

Answers on the Map

Answers color-coded by a green-red scale on the quiz's map according to % correct below.
Loading ...
 

Answer Stats

City% Correct
Canton
100%
Potsdam
100%
Ogdensburg
75%
Massena
75%
Winthrop
50%
Brasher
50%
Louisville
50%
Madrid
50%
Norfolk
50%
Norwood
50%
Oswegatchie
50%
Hopkinton
50%
Parishville
50%
Pierrepont
50%
Pitcairn
50%
Richville
50%
Waddington
50%
Lawrence
50%
Lisbon
50%
Heuvelton
50%
Edwards
50%
Brasher Falls
50%
Colton
50%
De Peyster
50%
De Kalb
50%
Gouverneur
50%
Hannawa Falls
50%
Clifton
25%
Stockholm
25%
Star Lake
25%
Russell
25%
Rossie
25%
Clare
25%
Rensselaer Falls
25%
Hammond
25%
Fowler
25%
Cranberry Lake
25%
Piercefield
25%
Hermon
25%
Hailesboro
25%
DeKalb Junction
25%
Macomb
25%
Fine
25%
Morristown
25%
Akwesasne
25%

Score Distribution

Percentile by Number Answered

Percent of People with Each Score

Your Score History

You have not taken this quiz